000 00425pab a2200133 454500
008 180718b xxu||||| |||| 00| 0 eng d
100 _aRozelle, Scott
245 _aGrain policy in Chinese villages: yield response to pricing, procurement, and loan policies
650 _a Grain Policy
650 _aFood Supply - China
700 _aBoisvert, Richard N
773 _aAmerican Journal of Agricultural Economics
909 _a24596
999 _c24596
_d24596